000 00640nam a22002057a 4500
005 20251108165446.0
008 250721s1982 xx 000 0 ara d
082 1 4 _aم/217.1/مصط
100 1 _aالخن، مصطفى سعيد
245 1 0 _aأثر الإختلاف في القواعد الأصولية في إختلاف الفقهاء /
250 _aط3
264 1 _aبيروت :
_bمؤسسة الرسالة،
_c1982.
300 _a645ص
650 1 7 _aالفقه الإسلامي
650 1 7 _aالفقهاء المسلمون
650 1 7 _aفقه السنة
650 1 7 _aالإسلام
942 _2ddc
_cREF
999 _c28435
_d28435